000 00824nam a2200217 a 4500
003 0
005 20250313110026.0
008 080723s19uu xx 00 eng d
050 _aPGS BF 723.C5
_b.R457 2008
100 _aReyes, Gerard Paul I.
245 _aConcept of cheating and self-confidence of Grade 5 and 6 students of SISC /
_cGerard Paul I. Reyes.
260 _aLas PiƱas City, Philippines :
_bSouthville International School and Colleges,
_c2008.
300 _a28 pages :
_billustrations ;
_c28 cm.
504 _aIncludes bibliographical references.
650 _aCheating (Education)
_vPsychological aspects.
650 _aAcademic dishonesty in children.
650 _aSelf-confidence in children.
650 _aMoral development in children.
650 _aStudent ethics.
942 _2lcc
_cPASS
999 _c97908
_d97908